Geography! 3 (Mountains, Volcanoes) - Statistics

General Stats
  • This quiz has been taken 34 times
  • The average score is 8 of 15
Answer Stats
Hint Answer % Correct
Highest Mountain In The World Mt Everest
100%
2nd Highest Mountain In The World K2
83%
Highest Mountain In Africa Kilimanjaro
80%
Highest Mountain In France Mont Blanc
80%
Volcano That Is Famous For It’s Eruption In 79AD Mt Vesuvius
80%
Highest Mountain In The U.K Ben Nevis
67%
Highest Mountain In North America Denali
67%
Caldera In Southern Indonesia Krakatoa
60%
Highest Mountain In The Alps Matterhorn
57%
Highest Mountain In South America Aconcagua
47%
Italian Volcano On A Small Island Stromboli
37%
Highest Mountain In The US Mt Whitney
17%
Highest Mountain In The Rocky Mt Range Mt Elbert
13%
Highest Volcano In The World Ojos Del Salado
7%
Highest Mountain In The Atlas Mt Range Toubkal
3%
No matching quizzes found
Score Distribution
Percent of People with Each Score
Percentile by Number Answered
Your Score History
You have not taken this quiz